000 01583nam a22002657a 4500
005 20170202114726.0
008 101028t xxu||||| |||| 00| 0 hin d
010 _aB-390851-872
020 _c150.00
_a8172014872
035 _aB-390851-872
037 _bनॉथ इण्डिया पब्लिशर्स/VEN
040 _adpl
_bHN
082 _a
100 _aशर्मा, भगवतीकुमार
_924027
245 _aअसूर्यलोक /
_cभगवतीकुमार शर्मा; सरला जगमोहन द्वारा हिन्दी में अनुदित
246 _aAsuryalok
_bby Bhagwatikumar Sharma
260 _aनई दिल्ली
_bसाहित्य अकादेमी
_c2009(पु. मु.)
270 _aरवीन्द्र भवन, 35, फीरोजशाह मार्ग,
_bनई दिल्ली
_e110001
300 _a384पृ.
_c23सेमी (सजिल्द)
500 _aसाहित्य अकादेमी द्वारा पुरस्कृत गुजराती उपन्यास
520 _aAW
700 _924028
_aसरला जगमोहन
942 _cHN
_2ddc
_h
_mशर्माभ
999 _c48509
_d48509